Bilecik Bilecik Bilecik Bilecik Bilecik

Diplomacy in Islam: an essay on the art of negotiation as conceived and developed by the Prophet of Islam/ (Record no. 34083)

MARC details
000 -BAŞLIK
Sabit Uzunluktaki Kontrol Alanı 00969nam a22003017a 4500
001 - KONTROL NUMARASI
Control Dosyası 0034128
003 - KONTROL NUMARASI KİMLİĞİ
Kontrol Alanı KOHA_MİRAKIL
005 - EN SON İŞLEM TARİHİ ve ZAMANI
Kontrol Alanı 20260207002911.0
007 - FİZİKSEL TANIM SABİT ALAN - GENEL BİLGİ
Sabit uzunluklu kontrol alanı ta
008 - SABİT UZUNLUKTAKİ VERİ ÖGELERİ - GENEL BİLGİ
Sabit Alan 111206b1962 pk |||gr||||#||||0|eng |
040 ## - KATALOGLAMA KAYNAĞI
Özgün Kataloglama Kurumu TR-BiSEU
Kataloglama Dili tur
Çeviri Kurumu TR-BiSEU
Açıklama Kuralları rda
041 0# - DİL KODU
Metin ya da ses kaydının dil kodu eng
044 ## - YAYINLAYAN/ÜRETEN KURULUŞUN ÜLKE KODU
ISO country code pk
050 ## - SINIFLAMA ve YER NUMARASI
Sınıflama Numarası BP77.69
Yer Numarası .I63 1962
100 1# - KİŞİ ADI
Yazar Adı (Kişi adı) Iqbal, Afzal.
245 1# - ESER ADI BİLDİRİMİ
Başlık Diplomacy in Islam: an essay on the art of negotiation as conceived and developed by the Prophet of Islam/
Sorumluluk Bildirimi Afzal Iqbal ; Afzal Iqbal; introduction by S. A. Rahman.
264 #1 - ÜRERİM, YAYIN, DAĞITIM ve TELİF BİLDİRİMİ
Yayın yeri Lahore :
Yayınlayan Institute of Islamic Culture
Yayın tarihi 1962
300 ## - FİZİKSEL TANIMLAMA
Sayfa, Cilt vb. 157 s.; 22 cm.
336 ## - İÇERİK TÜRÜ
Content type term metin
Content type code txt
Source rdacontent
337 ## - MEDYA TÜRÜ
Media type term aracısız
Media type code n
Source rdamedia
338 ## - TAŞIYICI TÜRÜ
Carrier type term cilt
Carrier type code nc
Source rdacarrier
650 #0 - KONU BAŞLIĞI EK GİRİŞ - KONU TERİMİ
Konusal terim veya coğrafi ad Muhammad, Prophet, 571-632.
9 (RLIN) 44122
650 #0 - KONU BAŞLIĞI EK GİRİŞ - KONU TERİMİ
Konusal terim veya coğrafi ad Diplomasi.
9 (RLIN) 4895
650 #0 - KONU BAŞLIĞI EK GİRİŞ - KONU TERİMİ
Konusal terim veya coğrafi ad İslam ve siyaset.
9 (RLIN) 7396
650 #0 - KONU BAŞLIĞI EK GİRİŞ - KONU TERİMİ
Konusal terim veya coğrafi ad Diplomacy.
9 (RLIN) 65984
650 #0 - KONU BAŞLIĞI EK GİRİŞ - KONU TERİMİ
Konusal terim veya coğrafi ad Islam and politics.
9 (RLIN) 9810
942 ## - EK GİRİŞ ÖGELERİ (KOHA)
Source of classification or shelving scheme Library of Congress Classification
Koha item type Book
Holdings
Materyal Türü Kalıcı Konum Mevcut Konum Raf Yeri Sınıflandırma Kaynağı Edinim Bilgisi Ana Konular Alt Konular Yer Numarası Demirbaş Numarası Fatura Tarihi Geri Çekilme Durumu Kayıp Durumu Hasarlı Durumu Kredi için değil Kayıt Tarih Toplam Ödünçverme Son Görülme Tarihi Son Kontrol Tarihi Genel / Bağış Notu
Book Prof. Dr. Azmi Özcan Kütüphanesi Prof. Dr. Azmi Özcan Kütüphanesi Uluğbey Salonu Library of Congress Classification Bağış FELSEFE, PSİKOLOJİ, DİN İslam, Bahailik, Teozofi vb. BP77.69 .I63 1962 0034128 02/02/2026         06/12/2011   05/12/2024 05/12/2024 Genel Bağış